| 000 | 01438cam a22003374a 4500 | ||
|---|---|---|---|
| 001 | 16939018 | ||
| 003 | Nust- CAS-E | ||
| 005 | 20180118181404.0 | ||
| 008 | 110829s2012 enkab b 001 0 eng | ||
| 010 | _a 2011036308 | ||
| 020 | _a9780470976081 (hardback) | ||
| 040 |
_aDLC _cDLC _dDLC |
||
| 042 | _apcc | ||
| 050 | 0 | 0 |
_aTJ820 _b.L95 2012 |
| 082 | 0 | 0 |
_a621.31 _223 _bPAU 2012 |
| 084 |
_aTEC031000 _2bisacsh |
||
| 100 | 1 | _aLynn, Paul A. | |
| 245 | 1 | 0 |
_aOnshore and offshore wind energy : _ban introduction / _cPaul A. Lynn. |
| 260 |
_aChichester, West Sussex ; _aHoboken, NJ : _bWiley, _c2012. |
||
| 300 |
_axii, 223 p. : _bill. (some col.), col. maps ; _c24 cm. |
||
| 502 | _a0 | ||
| 504 | _aIncludes bibliographical references and index. | ||
| 520 | _a"This book uses academic content and rigor to introduce all relevant topics, from global wind resource and historical background, through to modern electricity generation and distribution, including the topical subject area of offshore systems"-- | ||
| 650 | 0 | _aWind power. | |
| 650 | 0 | _aOffshore electric power plants. | |
| 650 | 0 | _aWind energy conversion systems. | |
| 856 | 4 | 2 |
_3Cover image _uhttp://catalogimages.wiley.com/images/db/jimages/9780470976081.jpg |
| 906 |
_a7 _bcbc _corignew _d1 _eecip _f20 _gy-gencatlg |
||
| 942 |
_2ddc _cBK |
||
| 999 |
_c355522 _d355522 |
||